[Event "59. BEM 2005"]
[Site "Dortmund"]
[Date "2005.03.07"]
[Round "4"]
[White "Grube, Jörg"]
[Black "Litwak, Aleksej"]
[Result "0-1"]
[WhiteElo "1819"]
[BlackElo "2092"]
[PlyCount "84"]
[EventDate "2005.??.??"]
[Source "SG Dortmund"]
[SourceDate "2004.12.16"]

1. e4 c5 2. Nf3 e6 3. d4 cxd4 4. Nxd4 Nf6 5. Nc3 Nc6 6. Ndb5 Bb4 7. a3 Bxc3+ 8.
Nxc3 d5 9. exd5 exd5 10. Be2 d4 11. Na2 O-O 12. O-O Bf5 13. Bg5 Rc8 14. Nc1 Qd6
15. Nd3 Ne4 16. Bf4 Qd8 17. Bg4 Bxg4 18. Qxg4 f5 19. Qe2 g5 20. Bd2 Qf6 21.
Rfe1 Rfe8 22. f3 Nd6 23. Qf2 Nc4 24. Rxe8+ Rxe8 25. Re1 Rxe1+ 26. Qxe1 Kf7 27.
Bc1 N6e5 28. Nxe5+ Nxe5 29. Bxg5 Nxf3+ 30. gxf3 Qxg5+ 31. Kf1 h5 32. Qd1 Qe3
33. Qd3 Ke6 34. Kg2 a6 35. h4 b5 36. Kg3 Ke5 37. Kg2 Kf4 38. Qf1 Ke5 39. Qf2 f4
40. Qf1 Kd5 41. Qd3 Qxd3 42. cxd3 b4 0-1

[Event "59. BEM 2005"]
[Site "Dortmund"]
[Date "2005.03.07"]
[Round "4"]
[White "Naundorf, Maik"]
[Black "Schultz, Bernfried"]
[Result "1-0"]
[WhiteElo "2075"]
[BlackElo "1717"]
[PlyCount "113"]
[EventDate "2005.??.??"]
[Source "SG Dortmund"]
[SourceDate "2004.12.16"]

1. Nc3 Nf6 2. e4 d6 3. d4 g6 4. Nf3 Bg7 5. h3 O-O 6. Be3 Nbd7 7. e5 dxe5 8.
dxe5 Ne8 9. e6 fxe6 10. Ng5 Bxc3+ 11. bxc3 Ng7 12. Bc4 Nb6 13. Bb3 Nd5 14. Bd4
Qd6 15. Nf3 c5 16. Be5 Qc6 17. c4 Nf4 18. Bxf4 Rxf4 19. O-O Qc7 20. Re1 b6 21.
Qe2 Bb7 22. Ng5 Rf6 23. Rad1 Raf8 24. f3 Qg3 25. Qe5 Qxe5 26. Rxe5 h6 27. Ne4
Rf5 28. Rxf5 exf5 29. Nc3 Bc6 30. Nd5 Kf7 31. c3 Ne8 32. Re1 e6 33. Nf4 Ng7 34.
Nd3 Kf6 35. Ne5 Rc8 36. Kf2 g5 37. g3 Be8 38. f4 Rd8 39. Ke3 Nh5 40. Rg1 Ng7
41. Bd1 Rd6 42. Be2 Ba4 43. Bd3 Rd8 44. Rg2 Nh5 45. Be2 Ng7 46. Rg1 Be8 47. Rb1
Rd6 48. Rb3 Nh5 49. Bxh5 Bxh5 50. Ra3 a5 51. Rb3 Bd1 52. Rxb6 Rd8 53. Rb7 Bh5
54. Rh7 gxf4+ 55. gxf4 Rg8 56. Rxh6+ Bg6 57. h4 1-0

[Event "59. BEM 2005"]
[Site "Dortmund"]
[Date "2005.03.07"]
[Round "4"]
[White "Morgenroth, Hubertus"]
[Black "Zeldin, Vitali"]
[Result "0-1"]
[WhiteElo "1724"]
[BlackElo "1918"]
[PlyCount "98"]
[EventDate "2005.??.??"]
[Source "SG Dortmund"]
[SourceDate "2004.12.16"]

1. e4 c5 2. d4 cxd4 3. c3 dxc3 4. Nxc3 d6 5. Bc4 Nc6 6. Bf4 Nf6 7. h3 e5 8. Be3
Be7 9. Nf3 O-O 10. O-O a6 11. Rc1 Bd7 12. Qe2 b5 13. Bb3 Rc8 14. Nd5 Nxd5 15.
Bxd5 Nb4 16. Bb3 Be6 17. Bxe6 fxe6 18. a3 Nc6 19. Rfd1 Qe8 20. Rc3 Na5 21. Rdc1
Rxc3 22. Rxc3 Nc4 23. Bc1 Qd7 24. b3 Na5 25. Qc2 Bd8 26. Ng5 Nb7 27. Qe2 h6 28.
Nf3 Ba5 29. b4 Rc8 30. Qc2 Rxc3 31. Qxc3 Qc7 32. Qxc7 Bxc7 33. Bb2 Kf7 34. Kf1
Nd8 35. Ke2 Nc6 36. Nd2 d5 37. Kd3 a5 38. bxa5 Nxa5 39. Bc1 Nc4 40. Nb1 Nd6 41.
f3 Ke7 42. Nc3 d4 43. Ne2 Nb7 44. Bb2 Nc5+ 45. Kd2 Ba5+ 46. Kd1 Nd3 47. Ba1 g5
48. Ng1 Kd6 49. Ke2 Nf4+ 0-1

[Event "59. BEM 2005"]
[Site "Dortmund"]
[Date "2005.03.07"]
[Round "4"]
[White "Iwannek, Ralf"]
[Black "Ziperstein, Jakob"]
[Result "1/2-1/2"]
[WhiteElo "1718"]
[BlackElo "1902"]
[PlyCount "113"]
[EventDate "2005.??.??"]
[Source "SG Dortmund"]
[SourceDate "2004.12.16"]

1. e4 g6 2. d4 Bg7 3. Be3 d6 4. c3 Nf6 5. f3 O-O 6. Bd3 Nbd7 7. Ne2 e5 8. O-O
b6 9. Qd2 Bb7 10. Na3 Qe7 11. b4 Rfe8 12. d5 a6 13. c4 Nh5 14. Nc2 f5 15. Bg5
Qf7 16. g3 Qf8 17. Kg2 f4 18. g4 Nhf6 19. h3 Qe7 20. Qe1 h6 21. Bh4 g5 22. Bf2
Rf8 23. Ng1 Kf7 24. Qe2 Rh8 25. Be1 h5 26. Rf2 Rh7 27. Kf1 Rah8 28. Rg2 Nf8 29.
Bf2 Ng6 30. Ke1 hxg4 31. hxg4 Nh4 32. Bxh4 Rxh4 33. Kd2 Qe8 34. a4 a5 35. b5
Bc8 36. Kc3 R8h6 37. Rf1 Qh8 38. Rff2 Nd7 39. Ne1 Nc5 40. Bc2 Nd7 41. Nd3 Nf6
42. Ne1 Rh1 43. Bd3 Bb7 44. Bc2 Qa8 45. Qd2 Ke7 46. Bb3 Qg8 47. Rf1 Qh7 48. Bc2
Nd7 49. Nd3 Kf7 50. Rff2 Qh8 51. Bb3 Bf8 52. Rf1 Qh7 53. Bc2 Bg7 54. Rff2 Nf6
55. Ne1 R6h4 56. Qe2 Qh8 57. Kb3 1/2-1/2

[Event "59. BEM 2005"]
[Site "Dortmund"]
[Date "2005.03.07"]
[Round "4"]
[White "Gorzinski, Dariusz"]
[Black "Sonntag, Joachim"]
[Result "0-1"]
[WhiteElo "1885"]
[BlackElo "1757"]
[PlyCount "67"]
[EventDate "2005.??.??"]
[Source "SG Dortmund"]
[SourceDate "2004.12.16"]

1. c4 e5 2. g3 c6 3. Bg2 Nf6 4. Nc3 d5 5. cxd5 cxd5 6. d4 exd4 7. Qxd4 Nc6 8.
Qa4 Bb4 9. Bd2 O-O 10. e3 Re8 11. Nge2 Bg4 12. O-O Bxe2 13. Nxe2 Bxd2 14. a3
Ba5 15. Rfd1 Rc8 16. Nf4 Ne7 17. b4 Bb6 18. Qb3 Rc7 19. a4 Rd7 20. Bh3 Rd6 21.
a5 Bc7 22. Ne2 Nc6 23. Nc3 a6 24. Na4 Ne4 25. Nc5 Qf6 26. f4 Qh6 27. Bg2 Nxa5
28. Rxa5 Bxa5 29. Nxb7 Bb6 30. Nxd6 Nxd6 31. Qxd5 Rxe3 32. Kf1 Ne8 33. Qb7 Qh5
34. Qd7 0-1

[Event "59. BEM 2005"]
[Site "Dortmund"]
[Date "2005.03.07"]
[Round "4"]
[White "Klein, Hans-Joachim"]
[Black "Büchle, Manfred"]
[Result "0-1"]
[WhiteElo "1709"]
[BlackElo "1874"]
[PlyCount "72"]
[EventDate "2005.??.??"]
[Source "SG Dortmund"]
[SourceDate "2004.12.16"]

1. d4 d5 2. Bf4 e6 3. e3 Nf6 4. a3 Be7 5. c4 dxc4 6. Bxc4 O-O 7. Nc3 Nd5 8. Bg3
Nxc3 9. bxc3 b6 10. Nf3 Bb7 11. O-O Nd7 12. Bd3 Nf6 13. h3 Rc8 14. Be5 c5 15.
Nh2 cxd4 16. cxd4 Qd5 17. Nf3 Rc3 18. a4 Rfc8 19. Qe2 Ne4 20. Rfb1 f6 21. Bh2
Ng5 22. Ne1 Nxh3+ 23. Kf1 Ng5 24. Qg4 h5 25. Qxh5 Rxd3 26. Rb5 Qc6 27. Qg6 Rd2
28. Rxg5 fxg5 29. Be5 Bf8 30. Qxg5 Qc4+ 31. Kg1 Qe2 32. Qg6 Qxf2+ 33. Kh1 Qf5
34. Qg3 Qh5+ 35. Kg1 Rd1 36. Ra2 Rcc1 0-1

[Event "59. BEM 2005"]
[Site "Dortmund"]
[Date "2005.03.07"]
[Round "4"]
[White "Tkachuk, Konstantyn"]
[Black "Krüger, Georg"]
[Result "1-0"]
[WhiteElo "1871"]
[BlackElo "1706"]
[PlyCount "43"]
[EventDate "2005.??.??"]
[Source "SG Dortmund"]
[SourceDate "2004.12.16"]

1. e4 c5 2. Nf3 d6 3. d4 cxd4 4. Nxd4 Nf6 5. Nc3 a6 6. Bc4 Qc7 7. Bb3 e6 8. Be3
Be7 9. f3 Bd7 10. Qd2 Nc6 11. O-O-O Nxd4 12. Bxd4 Bc6 13. g4 O-O 14. g5 Nd7 15.
h4 Ne5 16. f4 Nf3 17. Qf2 Nxd4 18. Qxd4 b5 19. g6 hxg6 20. h5 gxh5 21. Rxh5 Bf6
22. Qxf6 1-0

[Event "59. BEM 2005"]
[Site "Dortmund"]
[Date "2005.03.07"]
[Round "4"]
[White "Ziemek, Gerhard"]
[Black "Barskij, Aleksandr"]
[Result "0-1"]
[WhiteElo "1694"]
[BlackElo "1825"]
[PlyCount "80"]
[EventDate "2005.??.??"]
[Source "SG Dortmund"]
[SourceDate "2004.12.16"]

1. d4 Nf6 2. Nc3 d5 3. e4 dxe4 4. f3 exf3 5. Nxf3 Bf5 6. Bc4 c6 7. O-O e6 8.
Ne5 Bxc2 9. Qe2 Qxd4+ 10. Kh1 Bg6 11. Bg5 Be7 12. Rad1 Qc5 13. Bxf6 gxf6 14.
Nxg6 hxg6 15. Bxe6 fxe6 16. Qxe6 Rxh2+ 17. Kxh2 Qe5+ 18. Qxe5 fxe5 19. Ne4 Nd7
20. Nd6+ Bxd6 21. Rxd6 Ke7 22. Rxg6 Rh8+ 23. Kg1 Rh7 24. Rd1 Nf6 25. Rd6 Kxd6
26. Rxf6+ Kd5 27. Kf2 Ke4 28. a3 c5 29. Ke2 c4 30. Rf3 Rg7 31. Kf2 Kd4 32. Rf8
Rd7 33. Ke2 Ke4 34. Rb8 Rg7 35. Kf2 Kd3 36. Rd8+ Kc2 37. Rc8 Kb3 38. Re8 Kxb2
39. Rxe5 c3 40. a4 Rc7 0-1

[Event "59. BEM 2005"]
[Site "Dortmund"]
[Date "2005.03.07"]
[Round "4"]
[White "Hardt, Helmut"]
[Black "Sroka, Andreas"]
[Result "1-0"]
[WhiteElo "1823"]
[BlackElo "1230"]
[PlyCount "37"]
[EventDate "2005.??.??"]
[Source "SG Dortmund"]
[SourceDate "2004.12.16"]

1. e4 e5 2. Nf3 d6 3. Bc4 Bg4 4. O-O Be7 5. Nc3 Nf6 6. Re1 O-O 7. h3 Bh5 8. d3
c6 9. Bb3 Nbd7 10. Bg5 Nc5 11. g4 Bg6 12. Nh4 Nfxe4 13. Bxe7 Nxc3 14. Nxg6 Nxd1
15. Bxd8 hxg6 16. Be7 Nxb3 17. axb3 Rfe8 18. Bxd6 Rad8 19. Ba3 1-0

[Event "59. BEM 2005"]
[Site "Dortmund"]
[Date "2005.03.07"]
[Round "4"]
[White "Martini, Heiko"]
[Black "Kleymann, Jelena"]
[Result "0-1"]
[WhiteElo "1481"]
[BlackElo "1848"]
[PlyCount "72"]
[EventDate "2005.??.??"]
[Source "SG Dortmund"]
[SourceDate "2004.12.16"]

1. d4 d5 2. Nf3 Bf5 3. Bf4 e6 4. e3 c5 5. c3 Nd7 6. Bb5 a6 7. Bxd7+ Qxd7 8. O-O
c4 9. Re1 Nf6 10. Ne5 Qc8 11. Nd2 Be7 12. Ndf3 Nd7 13. Nxd7 Qxd7 14. Ne5 Qc8
15. f3 f6 16. e4 fxe5 17. Bxe5 Bg6 18. exd5 O-O 19. dxe6 Qd8 20. Kh1 Qd5 21. b3
Rac8 22. b4 Rc6 23. a3 Rxe6 24. Ra2 Bd3 25. Rf2 Bh4 26. g3 Bf6 27. Bxf6 Rfxf6
28. Kg1 Kf7 29. Kg2 g5 30. g4 h5 31. h3 h4 32. Rxe6 Rxe6 33. Qd2 Kg6 34. Qd1
Qd6 35. Kh1 Qg3 36. Qg1 Qxh3+ 0-1

[Event "59. BEM 2005"]
[Site "Dortmund"]
[Date "2005.03.07"]
[Round "4"]
[White "Kartsev, Alexandr"]
[Black "Krause, Dieter"]
[Result "1-0"]
[WhiteElo "1494"]
[BlackElo "1835"]
[PlyCount "115"]
[EventDate "2005.??.??"]
[Source "SG Dortmund"]
[SourceDate "2004.12.16"]

1. f4 g6 2. Nf3 Bg7 3. g3 Nf6 4. Bg2 O-O 5. O-O c5 6. d3 Nc6 7. e4 d6 8. Nc3 e6
9. Kh1 Nd4 10. Ne2 Nxf3 11. Bxf3 d5 12. e5 Ne8 13. d4 Qc7 14. Bd2 a5 15. a3 b6
16. b4 Bd7 17. dxc5 bxc5 18. bxa5 Bc6 19. Rb1 Rb8 20. Rxb8 Qxb8 21. Qb1 Qb5 22.
Qxb5 Bxb5 23. Rb1 Nc7 24. Nc3 Bc4 25. Rb7 Na6 26. Na4 Rd8 27. Nb6 Ba2 28. Rd7
Rxd7 29. Nxd7 Bc4 30. Nb6 Bb5 31. a4 Bc6 32. c4 Nc7 33. cxd5 exd5 34. a6 Nxa6
35. Bxd5 Bxd5+ 36. Nxd5 Kf8 37. Kg2 Ke8 38. Kf3 Kd7 39. Ke4 Kc6 40. Nc3 Bf8 41.
f5 Nc7 42. f6 h5 43. h4 Na6 44. Kd3 Nb8 45. a5 Kd7 46. Na4 Nc6 47. Bc3 Ke6 48.
a6 Na7 49. Kc4 Kd7 50. Nxc5+ Kc6 51. Bd4 Nb5 52. Nb3 Na3+ 53. Kd3 Nb5 54. a7
Kb7 55. Na5+ Ka8 56. Kc4 Nxa7 57. Bxa7 Kxa7 58. Kd5 1-0

[Event "59. BEM 2005"]
[Site "Dortmund"]
[Date "2005.03.07"]
[Round "4"]
[White "Volmer, Martin"]
[Black "Riemann, Kai"]
[Result "1-0"]
[WhiteElo "1772"]
[BlackElo "1593"]
[PlyCount "67"]
[EventDate "2005.??.??"]
[Source "SG Dortmund"]
[SourceDate "2004.12.16"]

1. d4 d6 2. c4 Nf6 3. Nc3 g6 4. e4 Bg7 5. f4 O-O 6. Nf3 c5 7. d5 a6 8. a4 e6 9.
Be2 exd5 10. cxd5 Re8 11. e5 dxe5 12. fxe5 Ng4 13. O-O Nxe5 14. Bf4 Bf5 15. Qd2
Nbd7 16. a5 Rc8 17. d6 Ng4 18. Nd5 Bf8 19. Nc7 Re4 20. h3 Nge5 21. Bg5 Nf6 22.
Nxe5 Rxe5 23. Bxf6 Qxf6 24. d7 Rd8 25. Rad1 Qc6 26. Nd5 c4 27. Qg5 Rxd7 28.
Nf6+ Kg7 29. Nxd7 Rxe2 30. Rxf5 Be7 31. Qg4 Rxb2 32. Qd4+ Bf6 33. Qxf6+ Qxf6
34. Rxf6 1-0

[Event "59. BEM 2005"]
[Site "Dortmund"]
[Date "2005.03.07"]
[Round "4"]
[White "Gennat, Egon L"]
[Black "Ewers, Christian"]
[Result "0-1"]
[WhiteElo "1287"]
[BlackElo "1671"]
[PlyCount "50"]
[EventDate "2005.??.??"]
[Source "SG Dortmund"]
[SourceDate "2004.12.16"]

1. d4 Nf6 2. c4 g6 3. Nf3 Bg7 4. e3 d6 5. Nc3 O-O 6. Be2 Nbd7 7. O-O e5 8. dxe5
dxe5 9. b3 c6 10. Rb1 a5 11. Qc2 Qe7 12. Rd1 Nb6 13. Ng5 h6 14. Nge4 Nxe4 15.
Nxe4 Bf5 16. Bd3 Rfd8 17. Bb2 Rd7 18. a3 c5 19. Rd2 Rad8 20. Rbd1 Kh7 21. Bc3
Rxd3 22. Bxa5 Bxe4 23. Bxb6 Rxd2 24. Bxd8 Bxc2 25. Rxd2 Qe8 0-1

[Event "59. BEM 2005"]
[Site "Dortmund"]
[Date "2005.03.07"]
[Round "4"]
[White "Flierdl, Lothar"]
[Black "Wiemann, Peter"]
[Result "1-0"]
[WhiteElo "1634"]
[BlackElo "1581"]
[PlyCount "65"]
[EventDate "2005.??.??"]
[Source "SG Dortmund"]
[SourceDate "2004.12.16"]

1. e4 d5 2. exd5 Qxd5 3. Nc3 Qa5 4. d4 c6 5. Nf3 Bf5 6. Bd3 Bxd3 7. Qxd3 Nf6 8.
O-O e6 9. a3 Bd6 10. Bg5 Nbd7 11. Ne4 Nxe4 12. Qxe4 h6 13. Bd2 Qd8 14. c4 Nf6
15. Qh4 Qc7 16. d5 cxd5 17. cxd5 Nxd5 18. Rac1 Qe7 19. Qa4+ Qd7 20. Qg4 g6 21.
Qd4 Ke7 22. Rfe1 Nb6 23. Bc3 Rhg8 24. Rcd1 Rad8 25. Qh4+ g5 26. Qxh6 Rg6 27.
Qh5 Qe8 28. Ne5 Bxe5 29. Bxe5 Rxd1 30. Rxd1 Nd5 31. Qe2 Nf4 32. Bd6+ Kd7 33.
Bxf4+ 1-0

[Event "59. BEM 2005"]
[Site "Dortmund"]
[Date "2005.03.07"]
[Round "4"]
[White "Raskin, Vitali"]
[Black "Sellin, Reinhard"]
[Result "1-0"]
[WhiteElo "1670"]
[BlackElo "1509"]
[PlyCount "29"]
[EventDate "2005.??.??"]
[Source "SG Dortmund"]
[SourceDate "2004.12.16"]

1. d4 d5 2. c4 c6 3. Nc3 Nf6 4. e3 e6 5. Bd3 Nbd7 6. Nf3 Bd6 7. c5 Bb8 8. O-O
O-O 9. e4 dxe4 10. Nxe4 Nd5 11. a3 e5 12. dxe5 Nxe5 13. Nxe5 Bxe5 14. Qh5 Nf4
15. Nf6+ 1-0

[Event "59. BEM 2005"]
[Site "Dortmund"]
[Date "2005.03.07"]
[Round "4"]
[White "Merle, Peter"]
[Black "Duschek, Günter"]
[Result "1-0"]
[WhiteElo "1486"]
[BlackElo "1719"]
[PlyCount "127"]
[EventDate "2005.??.??"]
[Source "SG Dortmund"]
[SourceDate "2004.12.16"]

1. e4 d5 2. exd5 Qxd5 3. Nc3 Qd8 4. Nf3 Bf5 5. d3 e6 6. Be3 Nf6 7. Be2 c6 8.
Nh4 Bg6 9. Nxg6 hxg6 10. Ne4 Na6 11. c3 Be7 12. Nxf6+ Bxf6 13. d4 Nc7 14. Bf3
Nd5 15. Qe2 a6 16. O-O-O Qa5 17. Kb1 Qb6 18. Bxd5 cxd5 19. Rc1 Rc8 20. c4 O-O
21. c5 Qd8 22. Rc2 Rc6 23. Bf4 Bxd4 24. Bd6 Re8 25. h4 Bf6 26. h5 Bg5 27. hxg6
fxg6 28. Qg4 Qf6 29. f4 Bh6 30. Qf3 b6 31. Be5 Qf7 32. g4 Rxc5 33. Qe3 d4 34.
Qxd4 Rxc2 35. Kxc2 Qb7 36. Rg1 Rc8+ 37. Kb1 Qc6 38. a3 g5 39. fxg5 Bxg5 40.
Bxg7 Rd8 41. Qc3 Qxc3 42. Bxc3 Rd3 43. Kc2 Rf3 44. Rd1 Kf7 45. Rd6 Rf4 46. Rxb6
Rxg4 47. Rxa6 Bf6 48. Rc6 Rg2+ 49. Kb1 e5 50. a4 Ke7 51. a5 Rg8 52. b4 Rf8 53.
Kc2 Kd7 54. Rc5 Kd6 55. Kb3 Rb8 56. Kc4 Ra8 57. b5 Kd7 58. a6 Rc8 59. Rxc8 Kxc8
60. b6 Kb8 61. Kb5 Ka8 62. Kc6 Bd8 63. b7+ Ka7 64. Bxe5 1-0

[Event "59. BEM 2005"]
[Site "Dortmund"]
[Date "2005.03.07"]
[Round "4"]
[White "Schaefer, Ulrich"]
[Black "Benke, Werner"]
[Result "1-0"]
[WhiteElo "1475"]
[BlackElo "1648"]
[PlyCount "91"]
[EventDate "2005.??.??"]
[Source "SG Dortmund"]
[SourceDate "2004.12.16"]

1. e4 e5 2. Nf3 Nc6 3. Nc3 Bc5 4. Nxe5 Bxf2+ 5. Kxf2 Nxe5 6. d4 Qf6+ 7. Kg1 Ng6
8. Bc4 N8e7 9. h3 d6 10. Kh2 O-O 11. Rf1 Qh4 12. Be3 Nc6 13. Qd2 h6 14. Rf2 Na5
15. Bd3 Nc6 16. Raf1 Nh8 17. Rf4 Qd8 18. Qf2 Bd7 19. Qg3 Ne7 20. Rf6 Neg6 21.
R6f2 Qh4 22. Rf3 Qxg3+ 23. Rxg3 Rae8 24. Nd5 c6 25. Nf4 Be6 26. Nxe6 Rxe6 27.
Rg4 Rfe8 28. h4 Ne7 29. h5 Nd5 30. Bd2 Nf6 31. Rgf4 Nxe4 32. Bc1 d5 33. c3 f6
34. g4 Nf7 35. Kg2 Nfg5 36. Rf5 b6 37. c4 Rd6 38. cxd5 cxd5 39. Bf4 Rdd8 40.
Bb5 Re7 41. Rc1 Nf7 42. Bc6 Kh8 43. Rxd5 Rxd5 44. Bxd5 Nfg5 45. Rc7 Rxc7 46.
Bxc7 1-0

[Event "59. BEM 2005"]
[Site "Dortmund"]
[Date "2005.03.07"]
[Round "4"]
[White "Skoecz, Horst"]
[Black "Kolodziej, Dennis"]
[Result "0-1"]
[WhiteElo "1455"]
[BlackElo "1644"]
[PlyCount "86"]
[EventDate "2005.??.??"]
[Source "SG Dortmund"]
[SourceDate "2004.12.16"]

1. e4 c5 2. Bc4 e6 3. Nc3 Nc6 4. Nf3 a6 5. d4 cxd4 6. Nxd4 Bb4 7. Nxc6 bxc6 8.
Qd4 Qf6 9. Qxf6 Nxf6 10. f3 d5 11. exd5 exd5 12. Bd3 d4 13. a3 Bxc3+ 14. bxc3
dxc3 15. Bf4 O-O 16. O-O Nd5 17. Bd6 Rd8 18. Bc5 a5 19. Be4 f5 20. Bd3 Ba6 21.
Bxa6 Rxa6 22. Rfe1 Raa8 23. Re6 Rac8 24. Rb1 Kf7 25. Re5 Rb8 26. Ree1 g6 27. g3
Rb5 28. Bd4 Rdb8 29. Rbc1 Rb2 30. Red1 Ra2 31. Bxc3 Nxc3 32. Rd7+ Ke6 33. Rd2
Rb1 34. Rxb1 Nxb1 35. Re2+ Kf6 36. Kg2 Nxa3 37. Kh3 Nxc2 38. Rd2 Nb4 39. Rd7 a4
40. Rxh7 a3 41. Rb7 Rb2 42. Ra7 a2 43. Ra4 Rb1 0-1

[Event "59. BEM 2005"]
[Site "Dortmund"]
[Date "2005.03.07"]
[Round "4"]
[White "Mueller, Siegfried"]
[Black "Noori, Mir Ahmad"]
[Result "0-1"]
[WhiteElo "1434"]
[BlackElo "1627"]
[PlyCount "134"]
[EventDate "2005.??.??"]
[Source "SG Dortmund"]
[SourceDate "2004.12.16"]

1. d4 e6 2. c4 d6 3. Nc3 g6 4. Nf3 Bg7 5. e4 Ne7 6. Bd3 Nbc6 7. Be3 Nb4 8. Be2
c6 9. a3 Na6 10. Qc2 Nc7 11. O-O O-O 12. Rfd1 d5 13. cxd5 cxd5 14. e5 h6 15.
Qd2 Kh7 16. Bd3 Bd7 17. h4 Nf5 18. Bxf5 exf5 19. Rac1 a6 20. b4 Be6 21. Na4 Nb5
22. Qb2 Qe7 23. Nc5 b6 24. Nxe6 fxe6 25. a4 Na7 26. Rc2 Rac8 27. Rdc1 Rxc2 28.
Rxc2 Qd7 29. Qb3 Rb8 30. g3 Bf8 31. Bd2 b5 32. a5 Rc8 33. Ne1 Rc4 34. Rxc4 bxc4
35. Qe3 Qa4 36. Ng2 Qc6 37. Nf4 Nb5 38. Ne2 Kg8 39. f3 Qd7 40. Nf4 Kh7 41. Ne2
Na7 42. g4 Qf7 43. g5 h5 44. Qa3 Qd7 45. Nf4 Kg7 46. Ne2 Qb5 47. Nc1 Nc6 48.
Ne2 Bxb4 49. Bxb4 Qxb4 50. Qxb4 Nxb4 51. Nc3 Nc6 52. Na4 Nxa5 53. Kf2 Nc6 54.
Nc5 Kf7 55. Nxa6 Nxd4 56. Ke3 Nc6 57. f4 Na5 58. Kd4 Nb3+ 59. Kc3 Nc1 60. Kd2
Nd3 61. Kc3 Ke7 62. Nb4 Nc5 63. Kd4 Ne4 64. Nc6+ Kd7 65. Nb4 Nf2 66. Na6 Nd3
67. Ke3 Kc8 0-1

[Event "59. BEM 2005"]
[Site "Dortmund"]
[Date "2005.03.07"]
[Round "4"]
[White "Orlowski, Wilfried"]
[Black "Krüger, Inge"]
[Result "1-0"]
[WhiteElo "1611"]
[BlackElo "1307"]
[PlyCount "83"]
[EventDate "2005.??.??"]
[Source "SG Dortmund"]
[SourceDate "2004.12.16"]

1. c4 e6 2. Nc3 Nf6 3. d3 d5 4. Bg5 Be7 5. Nf3 Nbd7 6. cxd5 exd5 7. e4 dxe4 8.
dxe4 h6 9. Bf4 O-O 10. a3 a6 11. Be2 Nh5 12. Be3 Bd6 13. e5 Bc5 14. Nd4 Nxe5
15. Bxh5 Nc4 16. b4 Nxe3 17. fxe3 Bd6 18. Qf3 g6 19. Ne4 Be5 20. O-O Bxd4 21.
exd4 Qxd4+ 22. Kh1 Bf5 23. Ng3 Be6 24. Qd1 Qxd1 25. Bxd1 Rad8 26. Bf3 c6 27.
Rad1 Bd5 28. Bxd5 cxd5 29. Rd4 Rd7 30. Ne4 f5 31. Nc5 Re7 32. Rxd5 Rfe8 33. Rd7
Re2 34. Rxb7 Ra2 35. Rb6 Kf7 36. Rxa6 Ree2 37. Rg1 f4 38. Rf1 g5 39. Nd3 Kg7
40. Nc1 Rxg2 41. Nxa2 Rxa2 42. b5 1-0

[Event "59. BEM 2005"]
[Site "Dortmund"]
[Date "2005.03.07"]
[Round "4"]
[White "Werner, Patrick"]
[Black "Raszelenberg, Patrick"]
[Result "1-0"]
[WhiteElo "1425"]
[BlackElo "1585"]
[PlyCount "129"]
[EventDate "2005.??.??"]
[Source "SG Dortmund"]
[SourceDate "2004.12.16"]

1. e4 d6 2. d4 Nf6 3. Nc3 g6 4. f4 Bg7 5. Nf3 Bg4 6. Bd3 O-O 7. O-O Nbd7 8. h3
Bxf3 9. Qxf3 e5 10. fxe5 dxe5 11. Bg5 c6 12. Bxf6 Bxf6 13. d5 Bg7 14. dxc6 bxc6
15. Rad1 Qb6+ 16. Kh1 Qxb2 17. Bc4 Nc5 18. Bxf7+ Kh8 19. Qe3 Qa3 20. Qg3 Na4
21. Bb3 Nc5 22. Rxf8+ Rxf8 23. Qe3 Nxb3 24. axb3 Qe7 25. Ra1 Qh4 26. Qxa7 Bh6
27. Qc5 Bg7 28. Qe3 Bh6 29. Qe1 Qe7 30. Qe2 Qc5 31. Na4 Qb4 32. Rd1 Qe7 33. Qc4
Qf6 34. Nc5 Qf2 35. Nd3 Qe2 36. Re1 Qd2 37. Qxc6 Bf4 38. Qc5 Kg7 39. Rf1 Qe2
40. Re1 Qh5 41. Nxf4 Rxf4 42. b4 Qh4 43. Qxe5+ Kh6 44. Qc3 Rxe4 45. Rxe4 Qxe4
46. Qd2+ g5 47. b5 Qe5 48. b6 Qa1+ 49. Kh2 Qe5+ 50. g3 Kg6 51. c4 h5 52. b7 h4
53. Qg2 hxg3+ 54. Qxg3 Qe2+ 55. Kg1 Qd1+ 56. Kg2 Qc2+ 57. Qf2 Qe4+ 58. Qf3 Qb1
59. Qc6+ Kh5 60. Qe8+ Kh6 61. b8=Q Qc2+ 62. Kf3 Qd3+ 63. Qe3 Qf1+ 64. Ke4 Qxc4+
65. Ke5 1-0

[Event "59. BEM 2005"]
[Site "Dortmund"]
[Date "2005.03.07"]
[Round "4"]
[White "Schoppe, Hans-Werner"]
[Black "Dieckmann, Rudolf"]
[Result "1/2-1/2"]
[WhiteElo "1201"]
[BlackElo "1573"]
[PlyCount "108"]
[EventDate "2005.??.??"]
[Source "SG Dortmund"]
[SourceDate "2004.12.16"]

1. d4 d5 2. Nf3 h6 3. Bf4 g5 4. Be3 Bg7 5. g3 Nc6 6. c3 Bf5 7. Bg2 Nf6 8. Ne5
Qd6 9. f4 g4 10. Nd2 a6 11. c4 Ne4 12. c5 Qe6 13. Qa4 O-O 14. Rc1 Na7 15. Qb4
f6 16. Nxe4 dxe4 17. d5 Qc8 18. Nc4 Rb8 19. Kf2 Bg6 20. Nd2 f5 21. h3 h5 22.
Qc4 Bf7 23. Nb3 c6 24. Qc2 cxd5 25. hxg4 hxg4 26. Bd4 Nc6 27. Bxg7 Kxg7 28.
Qc3+ Kg6 29. Rh4 Rh8 30. Rch1 Rxh4 31. Rxh4 Qd7 32. Nd4 Qc7 33. b4 Re8 34. a3
e5 35. Nxc6 bxc6 36. e3 exf4 37. gxf4 Qd8 38. Rh1 Qd7 39. Qd4 Qc7 40. Kg3 a5
41. Rb1 Qb8 42. Bf1 Re7 43. b5 cxb5 44. Bxb5 Qc7 45. a4 Bg8 46. Be2 Be6 47. Rb6
Qd8 48. Rd6 Qg8 49. Qxd5 Kf7 50. Qd4 Qh7 51. Bf1 Qh1 52. Bg2 Qe1+ 53. Kh2 Qh4+
54. Kg1 Qe1+ 1/2-1/2

[Event "59. BEM 2005"]
[Site "Dortmund"]
[Date "2005.03.07"]
[Round "4"]
[White "Völler, Lothar"]
[Black "Schrimpl, Michael"]
[Result "1-0"]
[WhiteElo "1565"]
[BlackElo "1414"]
[PlyCount "63"]
[EventDate "2005.??.??"]
[Source "SG Dortmund"]
[SourceDate "2004.12.16"]

1. e4 c6 2. d4 d5 3. exd5 cxd5 4. Nf3 Nc6 5. Be2 Nf6 6. O-O Bf5 7. c3 Qc7 8.
Na3 a6 9. Nc2 e6 10. Ne3 Be4 11. Re1 Bd6 12. Nf1 h6 13. h3 g5 14. c4 dxc4 15.
Bxc4 Bd5 16. b3 O-O-O 17. Bxd5 Nxd5 18. Bb2 Kb8 19. Ne3 Ncb4 20. a3 Nxe3 21.
Rxe3 Nc2 22. Rc3 Qxc3 23. Bxc3 Nxa1 24. Qxa1 Rhg8 25. Ne5 Rg7 26. f3 h5 27. Nc4
Bf4 28. d5 Rg6 29. Be5+ Bxe5 30. Nxe5 Rg7 31. dxe6 fxe6 32. Nc6+ 1-0

[Event "59. BEM 2005"]
[Site "Dortmund"]
[Date "2005.03.07"]
[Round "4"]
[White "Pachura, Karl-Heinz"]
[Black "Gülicher, Michael"]
[Result "0-1"]
[WhiteElo "1274"]
[BlackElo "1540"]
[PlyCount "77"]
[EventDate "2005.??.??"]
[Source "SG Dortmund"]
[SourceDate "2004.12.16"]

1. e4 d5 2. exd5 Qxd5 3. Nc3 Qa5 4. d4 c6 5. g3 Bf5 6. Bd2 e6 7. Nd5 Qxd5 8. c4
Qxh1 9. Qb3 Qe4+ 10. Qe3 Qxe3+ 11. fxe3 Nf6 12. Bg2 Na6 13. a3 Be7 14. Ne2 O-O
15. Nc3 Rfd8 16. h3 e5 17. e4 exd4 18. exf5 dxc3 19. Bxc3 Nc5 20. b4 Nd3+ 21.
Ke2 Nh5 22. Kf3 Bf6 23. Bxf6 Nxf6 24. Bf1 Ne5+ 25. Kf4 Nxc4 26. g4 Nd5+ 27. Kg5
h6+ 28. Kh5 b5 29. a4 a6 30. Bxc4 bxc4 31. b5 cxb5 32. axb5 axb5 33. Rd1 Nf4+
34. Kh4 Rxd1 35. g5 hxg5+ 36. Kxg5 Nxh3+ 37. Kg4 Rd4+ 38. Kxh3 Ra3+ 39. Kg2 0-1

[Event "59. BEM 2005"]
[Site "Dortmund"]
[Date "2005.03.07"]
[Round "4"]
[White "Werninghaus, Klaus-Peter"]
[Black "Rutmann, Ulrich"]
[Result "1-0"]
[WhiteElo "1533"]
[BlackElo "1379"]
[PlyCount "95"]
[EventDate "2005.??.??"]
[Source "SG Dortmund"]
[SourceDate "2004.12.16"]

1. c4 g6 2. Nc3 Bg7 3. g3 d6 4. Bg2 Nf6 5. Nf3 c6 6. O-O O-O 7. d3 Bg4 8. Qc2
Nbd7 9. b3 Qa5 10. Bb2 Qh5 11. Nd1 Bh3 12. Ne3 e5 13. Rad1 Bxg2 14. Kxg2 Ng4
15. Nxg4 Qxg4 16. h3 Qf5 17. e4 Qe6 18. d4 Rac8 19. Rfe1 Rfe8 20. Qd2 f6 21.
dxe5 Nxe5 22. Nxe5 dxe5 23. Qd7 Qxd7 24. Rxd7 Rb8 25. Red1 Bf8 26. Rc7 Re7 27.
Rdd7 Rxd7 28. Rxd7 Bc5 29. f4 Bd4 30. Bxd4 exd4 31. Rxd4 Re8 32. Kf3 Kf7 33. c5
Re7 34. Rd6 h6 35. b4 Re6 36. a3 Ke7 37. Rd3 b6 38. a4 Ke8 39. cxb6 axb6 40. a5
bxa5 41. bxa5 c5 42. Rc3 Rc6 43. Ke3 Kd7 44. Kd3 Kd6 45. Kc4 Kc7 46. e5 Kd7 47.
Kd5 fxe5 48. fxe5 1-0